000 01307nam a2200229Ia 4500
003 Ost
005 20260507075629.0
008 260507s9999||||xx |||||||||||||| ||und||
020 _a9789931782095
040 _cfsecg
041 _aara
082 _a346.02
100 _aبن عزوز، ربيعة
_eمؤلف
245 0 _aعقد الإيجار التمويلي كوسيلة للتمويل :
_bدراسة مقارنة /
_c ربيعة بن عزوز
260 _aالجزائر:
_bالنشر الجامعي الجديد,
_c2021
300 _a416 صفحة؛
_bإيضاحات ؛
_c24 سم
504 _aمراجع ص.415-416
520 _aنشأة وتطور عقد الايجار التمويلي، ولادته عند الدول الأنجلوسكسونية، بالاضافة الى انتشاره عند الدول اللاتينية والدول النامية، كذلك ماهية عقد الايجار التمويلي في النظم المقارنة، والنفقات العامة وتقسيماتها مع طبيعته القانونية، وأخيرا أحكام عقد الايجار التمويلي في ظل النظم القانونية المقارنة والآثار المترتبة عليه.
653 _aالتمويل
653 _aعقود الايجار
942 _cكتاب
999 _c45184
_d45184